LIBRARY & INFORMATION CENTRE, KCAET, TAVANUR

ONLINE PUBLIC ACCESS CATALOGUE (OPAC)

Studies in modern constitutions / (Record no. 12459)

MARC details
000 -LEADER
fixed length control field 00489cam a2200193ua 4500
041 ## - LANGUAGE CODE
Language code of text/sound track or separate title eng
082 ## - DEWEY DECIMAL CLASSIFICATION NUMBER
Classification number 342.02
Item number SAT/ST
100 ## - MAIN ENTRY--AUTHOR NAME
Personal name Satyendranath, Sen .
245 ## - TITLE STATEMENT
Title Studies in modern constitutions /
250 ## - EDITION STATEMENT
Edition statement 14 /
260 ## - PUBLICATION, DISTRIBUTION, ETC. (IMPRINT)
Place of publication Calcutta :
Name of publisher Bookland Pvt Ltd ,
Year of publication 1962.
300 ## - PHYSICAL DESCRIPTION
Number of Pages 453 ; .
700 1# - ADDED ENTRY--PERSONAL NAME
Personal name Sisir kumar , Das .
942 ## - ADDED ENTRY ELEMENTS (KOHA)
Koha item type Books
Holdings
Withdrawn status Lost status Damaged status Home library Current library Date acquired Full call number Accession Number Koha item type
Withdrawn     KAUAET Sanskrit University 07/04/2012 342.02 3352 Books
free website counter